Statystyki dla 10 największych miast w azji

Kliknij tutaj aby rozwiązać quiz!

Ogólne statystyki

  • Ten quiz został rozwiązany 52 razy
  • Średni wynik to 6 z 10

Statystyki odpowiedzi

HintOdpowiedź% Poprawnych
13 161 751Tokio
95%
19 612 368Pekin
84%
23 019 148Szanghaj
74%
10 276 968Seul
61%
12 565 901Delhi
58%
8 568 838Dżakarta
53%
6 642 566Bangkok
42%
7 185 831Teheran
37%
16 400 000Bombaj
29%
18 000 000Karaczi
18%

Rozkład punktacji

Percentyl według liczby udzielonych odpowiedzi

Procent ludzi z każdym wynikiem

Twoja historia wyników

Nie rozwiązałeś tego quizu